Title in the Lyrics - Rihanna Songs - Statistics

General Stats
  • This quiz has been taken 159 times
  • The average score is 15 of 30
Answer Stats
Song Lyric % Correct
Now that it's raining more than ever / Know that we'll still have each other / You can stand under my {Umbrella} / You can stand under my {Umbrella}—ella—ella, eh, eh, eh
99%
Want you to make me feel / Like I'm the {Only} {Girl} {In} {The} {World} / Like I'm the only one that you'll ever love
91%
Yellow diamonds in the light / And we're standing side by side / As your shadow crosses mine / {We} {Found} {Love} in a hopeless place
79%
Please don't stop the, please don't stop the, please {Don}'{t} {Stop} {The} {Music} / Mama-say, mama-sa, ma-ma-ko-ssa
78%
Come, Mr. DJ, song {Pon} {de} {Replay} / Come, Mr. DJ, won't you turn the music up? / All the gyal pon the dance floor wanting some more what
74%
Find light in the beautiful sea / I choose to be happy / You and I, you and I / We're like {Diamonds} in the sky
74%
Take it, take it, baby, baby / Take it, take it, love me, love me / Come here, {Rude} {Boy}, boy, can you get it up?
67%
Makes me feel like I can't live without you / And it takes me all the way / I want you to {Stay} / It's not much of a life you're living
66%
Well, that's alright because I like the way it hurts / Just gonna stand there and hear me cry Well, that's alright because I {Love} {The} {Way} {You} {Lie}
63%
He see me do mi / Dirt, dirt, dirt, dirt, dirt, dirt! / So me put in / {Work}, {Work}, {Work}, {Work}, {Work}, {Work} / When you ah guh
60%
'Cause I'm zero to 60 in three point five / Baby, you got the keys / Now {Shut} {Up} {and} {Drive}
57%
Now I'm {Four}, {Five} {Seconds} from wilding / And we got three more days 'til Friday / I'm tryna make it back home by Monday morning
53%
{S}-{O}-{S}, please, someone help me / It's not healthy for me to feel this / Y-O-U are making this hard / I can't take it, see, it don't feel right
53%
What are you willing to do? / Oh, tell me what you're willing to do? / Kiss it, {Kiss} {it} {Better}, baby / Oh, what are you willing to do?
51%
I swear you got me losing my mind / Oh na-na, {What}'{s} {My} {Name?} / Oh na-na, {What}'{s} {My} {Name?}
47%
{Where} {Have} {You} {Been}? / 'Cause I never see you out / Are you hiding from me, yeah? / Somewhere in the crowd, oh
47%
Curtain's finally closing / That was quite a show / Very entertaining / But it's over now / Go on and {Take} {a} {Bow} / But it's over now
43%
Oh, mama, mama, mama / I just shot a {Man} {Down} / In Central Station / In Central Station / Oh, why?
42%
And I run for miles just to get a taste / Must be {Love} {on} {the} {Brain} / That's got me feeling this way
40%
It seems like more than distance between us? / In this {California} {King} {Bed} / We're ten thousand miles apart
37%
Throw it up, throw it up / Watch it all fall out / {Pour} {It} {Up}, {Pour} {It} {Up} / That's how we ball out
37%
Your mind's in {Disturbia} / It's like the darkness is the light / {Disturbia}, am I scaring you tonight? / {Disturbia}, ain't used to what you like
37%
'Cause I know that he knows I'm {Unfaithful} / And it kills him inside / To know that I am happy with some other guy
36%
'Cause now I'm using like I bleed / It's like I checked into {Rehab} / Baby, you're my disease
36%
{Cheers} to the freaking weekend / I drink to that, yeah, yeah / Oh, let the Jameson sink in / {I} {Drink} {to} {that}, yeah, yeah
36%
{You}'{re} {the} {one} that I dream about all day / {You}'{re} {the} {one} that I think about always / {You}'{re} {the} {one}, so I make sure I'll behave
25%
And I hate how much I love you, girl / I can't stand how much I need you / And I hate how much I love you, girl / But I just can't let you go / But I {Hate} {That} {I} {Love} {You} so
24%
Now, {If} {It}'{s} {Lovin}' {That} {You} {Want} / Then you should make me your girl, your girl / {If} {It}'{s} {Lovin}' {That} {You} {Want} / Baby, come and share my world, share my world, oh
20%
To feel a little more, and give a little less / Know you hate to confess But baby ooh, you {Needed} {Me}
19%
Turn your face {Towards} {The} {Sun} / Let the shadows fall behind you / Don't look back, just carry on / And the shadows will never find you
19%
No matching quizzes found
Score Distribution
Percent of People with Each Score
Percentile by Number Answered
Your Score History
You have not taken this quiz